书目信息 |
| 题名: |
液压与气压传动
|
|
| 作者: | 许福玲 主编 | |
| 分册: | ||
| 出版信息: | 武汉 华中工学院出版社 2001.09 |
|
| 页数: | 230页 | |
| 开本: | 26cm | |
| 丛书名: | ||
| 单 册: | ||
| 中图分类: | TH13 | |
| 科图分类: | ||
| 主题词: | 机械元件 , 机械传动装置 | |
| 电子资源: | ||
| ISBN: | 7-5609-2538-3 | |
| 000 | 00566nam0 2200205 45 | |
| 001 | 0434054426 | |
| 005 | 2004042209273430 | |
| 010 | @a7-5609-2538-3@dCNY 18.80 | |
| 100 | @a20040422d2001 km y0chiy0120 ea | |
| 101 | 0 | @achi |
| 102 | @aCN@b420000 | |
| 200 | 1 | @a液压与气压传动@AYe Ya Yu Qi Ya Chuan Dong@f许福玲主编@FXu Fu Ling Zhu Bian |
| 210 | @a武汉@c华中工学院出版社@d2001.09 | |
| 215 | @a230页@d26cm | |
| 606 | 0 | @a机械元件 |
| 606 | 0 | @a机械传动装置 |
| 690 | @aTH13@v3 | |
| 701 | 0 | @a许福玲@AXu Fu Ling@4主编 |
| 801 | 0 | @aCN@bPFT@c20040422 |
| 905 | @dTH13@eX863 | |
| 液压与气压传动/许福玲主编.-武汉:华中工学院出版社,2001.09 |
| 230页;26cm |
| ISBN 7-5609-2538-3:CNY 18.80 |
| ● |
| 相关链接 |
|
|
|
正题名:液压与气压传动
索取号:TH13/X863
 
预约/预借
| 序号 | 登录号 | 条形码 | 馆藏地/架位号 | 状态 | 备注 |
| 1 | 379758 | 203797588 | 自科库501/501自科库 37排1列5层/ [索取号:TH13/X863] | 在馆 | |
| 2 | 379759 | 203797597 | 自科库501/501自科库 37排1列5层/ [索取号:TH13/X863] | 在馆 |